Annual report 2016 on EIB activity in Africa, the Caribbean and the Pacific and the overseas countries and territories
Enregistré dans:
| Format: | Livre |
|---|---|
| Langue: | anglais |
| Publié: |
Luxembourg
European Investment Bank
2017
|
| Sujets: | |
| Tags: |
Pas de tags, Soyez le premier à ajouter un tag!
|
MARC
| LEADER | 00000nam a2200000 4500 | ||
|---|---|---|---|
| 001 | 0240073 | ||
| 005 | 20240314122715.8 | ||
| 020 | |a 978-92-861-3226-1 | ||
| 022 | |a 1725-924X | ||
| 041 | 0 | |a eng | |
| 044 | |a LU | ||
| 245 | 1 | 0 | |a Annual report 2016 |b on EIB activity in Africa, the Caribbean and the Pacific and the overseas countries and territories |
| 264 | 1 | |a Luxembourg |b European Investment Bank |c 2017 | |
| 300 | |a 84 s. | ||
| 610 | 2 | 0 | |a investície finančné |
| 610 | 2 | 0 | |a bankovníctvo |
| 610 | 2 | 0 | |a bankovníctvo investičné |
| 610 | 2 | 0 | |a rozvoj hospodársky |
| 610 | 2 | 0 | |a rozvoj investičný |
| 610 | 2 | 0 | |a Afrika |
| 610 | 2 | 0 | |a Karibská oblasť |
| 610 | 2 | 0 | |a Oceánia |
| 610 | 2 | 0 | |a porovnanie štatistické medzinárodné |